| 000 | 01616cam a2200325 i 4500 | ||
|---|---|---|---|
| 001 | 21548710 | ||
| 003 | KWIU | ||
| 005 | 20241223101631.0 | ||
| 008 | 200601s2021 paua b 001 0 eng | ||
| 010 | _a 2020939762 | ||
| 020 |
_a9780323673464 _q(hardcover) |
||
| 040 |
_aDLC _beng _erda _cDLC |
||
| 042 | _apcc | ||
| 050 | 0 | 0 |
_aQM25 _b.N48 2021 |
| 080 | _a617 D-34 | ||
| 245 | 0 | 0 |
_aNetter's surgical anatomy and approaches / _cConor P. Delaney, MD, MCh, PhD, FACS, FRCSI, FASCRS, FRCSI (Hon), Chairman, Digestive Disease and Surgery Institute, Cleveland Clinic, Victor W. Fazio Endowed Professor of Colorectal Surgery, Cleveland Clinic Lerner College of Medicine, Cleveland, Ohio ; illustrations by Frank H. Netter, MD, contributing illustrators Carlos A.G. Machado, MD, Kristen Wienandt Marzejon, MS, MFA, James A. Perkins, MS, MFA, John A. Craig, MD, Paul Kim, MS, Sara M. Jarret, MFA. |
| 246 | 1 | _aSurgical anatomy and approaches | |
| 250 | _a2nd edition. | ||
| 264 | 1 |
_aPhiladelphia, PA : _bElsevier, _c[2021] |
|
| 300 |
_axxii, 746 pages : _bcolor illustrations ; _c29 cm |
||
| 336 |
_atext _btxt _2rdacontent |
||
| 500 | _aRevised edition of: Netter's surgical anatomy and approaches / Conor P. Delaney. [2014]. | ||
| 504 | _aIncludes bibliographical references and index. | ||
| 650 | 0 |
_aHuman anatomy _vAtlases. |
|
| 700 | 1 |
_aDelaney, C. P. _q(Conor Patrick), _eeditor. |
|
| 700 | 1 |
_aNetter, Frank H. _q(Frank Henry), _d1906-1991, _eillustrator. |
|
| 906 |
_a7 _bcbc _corignew _d2 _eepcn _f20 _gy-gencatlg |
||
| 942 |
_2udc _cBK |
||
| 999 |
_c2259 _d2259 |
||